000 00640nam a2200193Ia 4500
003 GCL
008 140319s9999 xx 000 0 ara d
040 _aGCL /
_cGCL
082 0 4 _a411.5
_bا ا
100 1 _aاحمد عبدالتواب الفيومى
245 1 0 _aالاضداد فى اللغة العربية: دراسة صوتية /
_cاحمد عبدالتواب الفيومى
260 _a[S.N] :
_bمطبعة السعادة ،
_c1991
300 _a496 ص
490 _a
650 0 4 _aالاصوات اللغوية
650 0 4 _aاللغة العربية
650 0 4 _aالمترادفات والاضداد
942 _2ddc
_cBK
999 _c37163
_d37163